Statistics for Top 100 Music Artists: Rolling Stones

Click here to take the quiz!

General Stats

  • This quiz has been taken 1,068 times
  • The average score is 33 of 100

Answer Stats

#Answer% Correct
1The Beatles
95%
4The Rolling Stones
88%
35Michael Jackson
81%
49Elton John
73%
3Elvis Presley
72%
14Led Zeppelin
69%
52Queen
68%
2Bob Dylan
65%
30Nirvanna
65%
36Madonna
62%
6Jimi Hendrix
60%
51Pink Floyd
59%
9Aretha Franklin
58%
61Metallica
57%
47Patti Smith
55%
72AC/DC
54%
29The Who
53%
39David Bowie
52%
38John Lennon
51%
27Prince
50%
12The Beach Boys
50%
41The Doors
48%
22U2
48%
5Chuck Berry
47%
83Eminem
46%
85Black Sabbath
45%
75Eagles
45%
92Guns n' Roses
45%
15Stevie Wonder
45%
23Bruce Springsteen
44%
55Eric Clapton
43%
59Aerosmith
41%
18Marvin Gaye
41%
46Janis Joplin
39%
65The Kinks
39%
7James Brown
38%
28The Clash
38%
60The Sex Pistols
38%
70The Police
37%
31Johnny Cash
36%
26The Ramones
36%
11Bob Marley
35%
86Tupac Shakur
35%
66Al Green
34%
13Buddy Holly
34%
67Cream
34%
96Diana Ross and the Supremes
34%
88Jay-Z
34%
10Ray Charles
34%
40Simon and Garfunkel
31%
82Creedence Clearwater Revival
30%
34Neil Young
30%
73Radiohead
30%
8Little Richard
29%
63Tina Turner
29%
21Otis Redding
28%
56Dr. Dre
26%
68The Temptations
25%
97R.E.M.
24%
95Lynyrd Skynyrd
23%
42Van Morrison
23%
77Beastie Boys
22%
90Carlos Santana
22%
84James Taylor
22%
24Jerry Lee Lewis
22%
16Same Cooke
21%
62Joni Mitchell
20%
100Talking Heads
20%
50The Band
20%
45The Byrds
20%
91Tom Petty
20%
48Run-DMC
19%
80Elvis Costello
18%
25Fats Domino
17%
17Muddy Waters
17%
44Public Enemy
17%
37Roy Orbison
17%
57Grateful Dead
16%
74Hank Williams
16%
79The Four Tops
16%
43Sly and the Family Stone
15%
32Smokey Robinson and the Miracles
15%
89The Yardbirds
15%
71Frank Zappa
14%
53The Allman Brothers Band
14%
33The Everly Brothers
14%
94Nine Inch Nails
13%
20Bo Diddley
11%
78The Stooges
11%
99Carl Perkins
10%
98Curtis Mayfield
9%
69Jackie Wilson
9%
81The Drfiters
8%
58Parliament and Funkadelic
7%
54Howlin' Wolf
6%
76The Shirelles
6%
93Booker T. and the MGs
5%
64Phil Spector
5%
87Gram Parsons
4%
19The Valvet Underground
0%

Score Distribution

Percentile by Number Answered

Percent of People with Each Score

Your Score History

You have not taken this quiz